Κατάλογος Βιβλιοθηκών Mediterranean College

Οικονομικά Μαθηματικά / Απλή Κεφαλαιοποίηση, Προεξόφληση, Ισοδύναμα Γραμμάτια, Αλληλόχρεοι Τοκοφόροι Λογαριασμοί, Ανατοκισμός, Ράντες, Δάνεια (Record no. 5320)

MARC details
000 -LEADER
fixed length control field 01140cam a22001814a 4500
005 - ΗΜΕΡΟΜΗΝΙΑ ΚΑΙ ΩΡΑ ΤΕΛΕΥΤΑΙΑΣ ΕΝΗΜΕΡΩΣΗΣ
Πεδίο ελέγχου 20250605164209.0
008 - FIXED-LENGTH DATA ELEMENTS--GENERAL INFORMATION
Πεδίο ελέγχου σταθερού μήκους 250528s ||||||||||||||||||||||||d
035 ## - SYSTEM CONTROL NUMBER
System control number 20183
040 ## - ΠΗΓΗ ΚΑΤΑΛΟΓΟΓΡΑΦΗΣΗΣ
Φορέας πρωτότυπης καταλογογράφησης MC Athens Campus Library
Γλώσσα καταλογογράφησης Ελληνικά, Μοντέρνα (1453-)
Modifying agency MC Athens Campus Library
Κανόνες περιγραφικής καταλογογράφησης AACR2
245 1# - ΤΙΤΛΟΣ ΚΑΙ ΔΗΛΩΣΗ ΥΠΕΥΘΥΝΟΤΗΤΑΣ
Τίτλος Οικονομικά Μαθηματικά / Απλή Κεφαλαιοποίηση, Προεξόφληση, Ισοδύναμα Γραμμάτια, Αλληλόχρεοι Τοκοφόροι Λογαριασμοί, Ανατοκισμός, Ράντες, Δάνεια
260 ## - PUBLICATION, DISTRIBUTION, ETC.
Name of publisher, distributor, etc. Κεας - Κέντρο Ανωτέρων Σπουδών Ξυνή
300 ## - PHYSICAL DESCRIPTION
Extent 174
520 ## - SUMMARY, ETC.
Summary, etc. Πρόλογος, Βραχυπρόθεσμες Οικονομικές Πράξεις, Εισαγωγή και Διάκριση Μαθηματικών και Ορισμοί, Προεξόφληση, Ισοδύναμα Γραμμάτια, Α.Τ.Λ. Μακροπρόθεσμες Οικονομικές Πράξεις, Ράντες, Απόσβεση Δανείων, Ομολογιακά Δάνεια.
700 1# - ΠΡΟΣΘΕΤΗ ΑΝΑΓΡΑΦΗ--ΦΥΣΙΚΟ ΠΡΟΣΩΠΟ
Personal name Πολυμερόπουλος Αλέξανδρος Ε
9 (RLIN) 6230
942 ## - ADDED ENTRY ELEMENTS (KOHA)
Koha item type Books
Holdings
Τύπος τεκμηρίου Βιβλιοθήκη Τρέχουσα τοποθεσία Barcode Αριθμός εισαγωγής Ημερομηνία απόκτησης Ταξιθετικό σύμβολο Αριθμός αντιτύπου Κατάσταση απόσυρσης Κατάσταση χαμένου Κατάσταση κατεστραμμένου Μη δανεισμός Σύνολο δανεισμών Ημερομηνία τελευταίας εμφάνισης Η τιμή ισχύει από
Books MC Athens Campus Library MC Athens Campus Library 9780000053190 6428 05/06/2025 330.015/1 POL 1           05/06/2025 05/06/2025

MC Athens Campus Library
Πατησίων 94 & Κοδριγκτώνος 13, 104 34
Πελλήνης 8 & Πατησίων 107, 112 51
Τ: +30 210 8899600

MC Thessaloniki Campus Library
Ίωνος Δραγούμη 21, 54625 | Ίωνος Δραγούμη 15, 54625
Τ: +30 2310 287779 – Τ: +30 2314 440300